[Event "Wch Juvenil 2013 sub-16 femenino"]
[Site "Al-Ain UAE"]
[Date "2013.12.23"]
[Round "6.10"]
[White "Beinenson, Katsiaryna"]
[Black "Paramzina, Anastasya"]
[Result "1-0"]
[WhiteElo "1961"]
[BlackElo "2111"]
[PlyCount "61"]
[EventDate "2013.12.19"]
[EventType "swiss"]
[EventRounds "11"]
[EventCountry "UAE"]
[Source "lmi"]
[SourceDate "2013.12.19"]

1. d4 d5 2. Nf3 Nf6 3. Bf4 c5 4. e3 Nc6 5. c3 Qb6 6. Qc2 g6 7. Bd3 Bg7 8. Nbd2
O-O 9. h3 c4 10. Be2 Bf5 11. Qc1 Rfc8 12. g4 Bd3 13. Bxd3 cxd3 14. Qb1 Ne4 15.
Nb3 a5 16. Nfd2 f6 17. Qxd3 a4 18. Nxe4 axb3 19. Nc5 Rxa2 20. O-O Rca8 21. Rab1
e5 22. Bg3 e4 23. Qe2 Na5 24. f3 f5 25. gxf5 gxf5 26. fxe4 fxe4 27. Qh5 Qh6 28.
Qxd5+ Kh8 29. Kh2 Qxe3 30. Nxe4 Re8 31. Ng5 1-0

[Event "Wch Juvenil 2013 sub-16 femenino"]
[Site "Al-Ain UAE"]
[Date "2013.12.23"]
[Round "6.11"]
[White "Rodionova, Polina"]
[Black "Baldi, Valentine"]
[Result "1-0"]
[WhiteElo "2095"]
[BlackElo "1877"]
[PlyCount "123"]
[EventDate "2013.12.19"]
[EventType "swiss"]
[EventRounds "11"]
[EventCountry "UAE"]
[Source "lmi"]
[SourceDate "2013.12.19"]

1. e4 c6 2. Nc3 d5 3. Nf3 dxe4 4. Nxe4 Nf6 5. Qe2 Bf5 6. Nxf6+ gxf6 7. d3 Qc7
8. g3 e6 9. Bg2 Bg7 10. O-O Qe7 11. Nh4 Bg6 12. f4 f5 13. c3 Nd7 14. Be3 Bf6
15. Nf3 Bh5 16. Qf2 Bxf3 17. Bxf3 O-O 18. a4 a5 19. Rad1 Qd6 20. Kh1 Kh8 21. d4
Rg8 22. b3 Rab8 23. c4 Qe7 24. Rfe1 Rge8 25. Bc1 Rbd8 26. Bb2 Kg8 27. Bc3 c5
28. Bxa5 b6 29. Bc3 cxd4 30. Bxd4 Bxd4 31. Qxd4 Nc5 32. Qc3 Qc7 33. Qc2 Ra8 34.
Rd4 e5 35. Rxe5 Rxe5 36. fxe5 Qxe5 37. Rd5 Qe1+ 38. Kg2 Re8 39. Qxf5 Ne6 40.
Rd7 Rf8 41. Be4 Qe2+ 42. Kh3 Qxe4 43. Qxe4 Ng5+ 44. Kg2 Nxe4 45. Rb7 Rd8 46.
Rxb6 Nc5 47. a5 Nxb3 48. Rxb3 Ra8 49. Ra3 Kf8 50. a6 Ra7 51. Kf3 Ke7 52. Ke4
Kd6 53. Kd4 Kc6 54. c5 h5 55. Kc4 f5 56. Ra1 h4 57. gxh4 f4 58. Ra3 Kc7 59. Kb5
Ra8 60. a7 Kb7 61. c6+ Kc7 62. h5 1-0

[Event "Wch Juvenil 2013 sub-16 femenino"]
[Site "Al-Ain UAE"]
[Date "2013.12.23"]
[Round "6.12"]
[White "Uzlavataya, Anhelina"]
[Black "Ivanova, Simoneta"]
[Result "0-1"]
[WhiteElo "1892"]
[BlackElo "2049"]
[PlyCount "43"]
[EventDate "2013.12.19"]
[EventType "swiss"]
[EventRounds "11"]
[EventCountry "UAE"]
[Source "lmi"]
[SourceDate "2013.12.19"]

1. f4 d5 2. Nf3 Nc6 3. g3 h5 4. d3 h4 5. Nxh4 Rxh4 6. gxh4 e5 7. Be3 Nh6 8. Rg1
Qxh4+ 9. Bf2 Qxf4 10. Qd2 Qf6 11. h3 d4 12. Bg2 Be6 13. c3 Nf5 14. Qc2 Ne3 15.
Bxe3 dxe3 16. Bf3 e4 17. Bxe4 Qh4+ 18. Kd1 Bxh3 19. Na3 O-O-O 20. Kc1 f5 21.
Bxc6 bxc6 22. Nc4 0-1

[Event "Wch Juvenil 2013 sub-16 femenino"]
[Site "Al-Ain UAE"]
[Date "2013.12.23"]
[Round "6.13"]
[White "Imanly, Magrura"]
[Black "Blagojevic, Tijana"]
[Result "1-0"]
[WhiteElo "1786"]
[BlackElo "2019"]
[PlyCount "73"]
[EventDate "2013.12.19"]
[EventType "swiss"]
[EventRounds "11"]
[EventCountry "UAE"]
[Source "lmi"]
[SourceDate "2013.12.19"]

1. d4 d5 2. e3 Nf6 3. f4 b6 4. Nf3 g6 5. Bd3 Ba6 6. O-O Bxd3 7. cxd3 Bg7 8. Nc3
O-O 9. Ne5 Nfd7 10. Qf3 c6 11. e4 e6 12. Nxd7 Bxd4+ 13. Kh1 Nxd7 14. f5 Bg7 15.
Qh3 exf5 16. exf5 Nc5 17. Bh6 Bxh6 18. Qxh6 Qf6 19. Rf3 Qg7 20. Qf4 g5 21. Qd6
Rac8 22. f6 Qg6 23. Raf1 Nxd3 24. Ne2 Rcd8 25. Qa3 Ne5 26. Rf5 Nc4 27. Qg3 h6
28. Nd4 Rde8 29. R5f2 c5 30. Nf5 Qxf6 31. Qh3 Kh7 32. Nxh6 Qxh6 33. Rxf7+ Rxf7
34. Rxf7+ Kg6 35. Rf6+ Kxf6 36. Qxh6+ Kf5 37. g4+ 1-0

[Event "Wch Juvenil 2013 sub-16 femenino"]
[Site "Al-Ain UAE"]
[Date "2013.12.23"]
[Round "6.14"]
[White "Lingur, Zalina"]
[Black "Narzikulova, Gulhae"]
[Result "1-0"]
[WhiteElo "2009"]
[BlackElo "1769"]
[PlyCount "54"]
[EventDate "2013.12.19"]
[EventType "swiss"]
[EventRounds "11"]
[EventCountry "UAE"]
[Source "lmi"]
[SourceDate "2013.12.19"]

1. e4 c5 2. Nf3 e6 3. d4 cxd4 4. Nxd4 a6 5. c4 Nf6 6. Nc3 d6 7. Be2 g6 8. O-O
Bg7 9. Be3 O-O 10. Re1 Nc6 11. Qd2 Ne8 12. Rec1 f5 13. f3 f4 14. Bf2 Qf6 15.
Nb3 Rf7 16. Qe1 h5 17. Na4 Rb8 18. Rc2 Ne5 19. Nb6 Nd7 20. Nxc8 Rxc8 21. Nd4
Ne5 22. b4 Rfc7 23. Rac1 Nc6 24. Nb3 g5 25. Bb6 Rf7 26. b5 Ne5 27. bxa6 bxa6
1-0

[Event "Wch Juvenil 2013 sub-16 femenino"]
[Site "Al-Ain UAE"]
[Date "2013.12.23"]
[Round "6.17"]
[White "Malassagne, Isabelle"]
[Black "Karimi, Yeganeh"]
[Result "1/2-1/2"]
[WhiteElo "2043"]
[BlackElo "1839"]
[PlyCount "73"]
[EventDate "2013.12.19"]
[EventType "swiss"]
[EventRounds "11"]
[EventCountry "UAE"]
[Source "lmi"]
[SourceDate "2013.12.19"]

1. d4 Nf6 2. c4 e6 3. g3 c5 4. d5 exd5 5. cxd5 d6 6. Bg2 g6 7. Nc3 Bg7 8. Nf3
O-O 9. O-O Re8 10. Nd2 Nbd7 11. Nc4 Nb6 12. Ne3 a6 13. a4 Ng4 14. Nc2 f5 15. h3
Nf6 16. Na3 Bd7 17. Bf4 Nc8 18. Nc4 Qc7 19. Re1 Rb8 20. e4 fxe4 21. Qc2 b5 22.
Nd2 e3 23. Bxe3 Nb6 24. Bf4 Rxe1+ 25. Rxe1 Re8 26. Rxe8+ Bxe8 27. Nde4 Nxe4 28.
Qxe4 Be5 29. Bxe5 dxe5 30. Qe2 b4 31. Ne4 Nxd5 32. Qc4 Bf7 33. Nxc5 Qd6 34. Ne4
Qd8 35. Qc6 Qe7 36. h4 Kg7 37. Ng5 1/2-1/2

[Event "Wch Juvenil 2013 sub-16 femenino"]
[Site "Al-Ain UAE"]
[Date "2013.12.23"]
[Round "6.18"]
[White "Fiadosenka, Rahneda"]
[Black "Wafa, Shrook"]
[Result "1-0"]
[WhiteElo "1845"]
[BlackElo "2010"]
[PlyCount "65"]
[EventDate "2013.12.19"]
[EventType "swiss"]
[EventRounds "11"]
[EventCountry "UAE"]
[Source "lmi"]
[SourceDate "2013.12.19"]

1. Nf3 Nf6 2. g3 g6 3. Bg2 Bg7 4. d4 O-O 5. c4 d6 6. O-O Nbd7 7. Nc3 e5 8. e4
exd4 9. Nxd4 Nc5 10. b3 Ne6 11. Bb2 Re8 12. Nxe6 Bxe6 13. Qc2 Qd7 14. Rfe1 Bh3
15. Bh1 h5 16. Rad1 Qg4 17. f3 Qg5 18. Nb5 a6 19. f4 Qc5+ 20. Bd4 Qc6 21. e5
Nd5 22. Bxd5 Qd7 23. Nc3 c5 24. Bf2 dxe5 25. Bg2 Qc8 26. Bxh3 Qxh3 27. Nd5 Rac8
28. Re2 Qg4 29. Rde1 h4 30. fxe5 h3 31. Qe4 Qh5 32. g4 Qh6 33. Qf4 1-0

[Event "Wch Juvenil 2013 sub-16 femenino"]
[Site "Al-Ain UAE"]
[Date "2013.12.23"]
[Round "6.19"]
[White "Dong, Alice"]
[Black "Srija, Seshadri"]
[Result "0-1"]
[WhiteElo "1903"]
[BlackElo "1980"]
[PlyCount "64"]
[EventDate "2013.12.19"]
[EventType "swiss"]
[EventRounds "11"]
[EventCountry "UAE"]
[Source "lmi"]
[SourceDate "2013.12.19"]

1. e4 e5 2. Nf3 Nc6 3. Bb5 a6 4. Ba4 Nge7 5. c3 g6 6. d4 exd4 7. cxd4 b5 8. Bb3
Bg7 9. Be3 O-O 10. Qd2 d5 11. Nc3 dxe4 12. Nxe4 Bg4 13. Neg5 h6 14. h3 Bf5 15.
Nxf7 Rxf7 16. Bxf7+ Kxf7 17. Bxh6 Nxd4 18. Nxd4 Qxd4 19. Qxd4 Bxd4 20. Rc1 Nd5
21. b3 Re8+ 22. Kf1 Nc3 23. Be3 c5 24. a3 Bd3+ 25. Ke1 Na2 26. Kd2 Nxc1 27.
Rxc1 Bxe3+ 28. fxe3 c4 29. a4 Rd8 30. Kc3 b4+ 31. Kxb4 Rb8+ 32. Kc5 cxb3 0-1

[Event "Wch Juvenil 2013 sub-16 femenino"]
[Site "Al-Ain UAE"]
[Date "2013.12.23"]
[Round "6.20"]
[White "Gholami Orimi, Anahita"]
[Black "Virkud, Apurva"]
[Result "1/2-1/2"]
[WhiteElo "1817"]
[BlackElo "1969"]
[PlyCount "76"]
[EventDate "2013.12.19"]
[EventType "swiss"]
[EventRounds "11"]
[EventCountry "UAE"]
[Source "lmi"]
[SourceDate "2013.12.19"]

1. d4 d5 2. c4 e6 3. Nc3 Nf6 4. Bg5 Be7 5. Nf3 h6 6. Bh4 O-O 7. e3 b6 8. cxd5
exd5 9. Bd3 Bb7 10. O-O Nbd7 11. Nd2 Ne4 12. Bxe7 Qxe7 13. Rc1 Ndf6 14. Qc2
Rfc8 15. Ndxe4 dxe4 16. Bc4 c5 17. Rfd1 a6 18. a4 cxd4 19. Rxd4 Rc5 20. Rcd1
Qc7 21. Qb3 Rc8 22. Bxf7+ Kh7 23. Be6 Rf8 24. Ne2 b5 25. Ng3 bxa4 26. Rxa4 Rc2
27. Qa3 Rb8 28. b3 Bc8 29. Bxc8 Qxc8 30. Nxe4 Nxe4 31. Rxe4 Rxf2 32. Rc4 Qf5
33. Qa4 Rf8 34. Rf4 Rxf4 35. exf4 Qxf4 36. Qxf4 Rxf4 37. Rd6 Rb4 38. Rxa6 Rxb3
1/2-1/2

[Event "Wch Juvenil 2013 sub-16 femenino"]
[Site "Al-Ain UAE"]
[Date "2013.12.23"]
[Round "6.21"]
[White "Heinemann, Josefine"]
[Black "Munoz, Claudia"]
[Result "1-0"]
[WhiteElo "2008"]
[BlackElo "1781"]
[PlyCount "125"]
[EventDate "2013.12.19"]
[EventType "swiss"]
[EventRounds "11"]
[EventCountry "UAE"]
[Source "lmi"]
[SourceDate "2013.12.19"]

1. e4 Nf6 2. e5 Nd5 3. d4 d6 4. c4 Nb6 5. exd6 exd6 6. Nf3 Bg4 7. Nc3 Be7 8.
Be2 O-O 9. O-O Nc6 10. b3 Re8 11. Be3 Bf6 12. Rc1 d5 13. c5 Nc8 14. b4 N8e7 15.
b5 Na5 16. h3 Be6 17. Bg5 Ng6 18. Qd2 b6 19. c6 h6 20. Be3 Ne7 21. Rfd1 Nf5 22.
Bf4 Nd6 23. Bd3 Ndc4 24. Qc2 Be7 25. Bf5 Bd6 26. Ne5 Qf6 27. Bxe6 fxe6 28. Nxc4
Bxf4 29. Ne3 Nc4 30. Nexd5 Bh2+ 31. Kh1 exd5 32. Nxd5 Qe6 33. Qxc4 Bd6 34. Ne3
Qxc4 35. Rxc4 Rf8 36. Rc2 Rad8 37. g3 g6 38. Kg2 Kg7 39. Nc4 Rf5 40. a4 Bf8 41.
Ne3 Rf6 42. f4 Kf7 43. Kf3 Bb4 44. Ng4 Rfd6 45. Ne5+ Kf6 46. Nd7+ Ke6 47. Ke4
Rd5 48. g4 Rd6 49. f5+ Kf7 50. Ne5+ Kf6 51. fxg6 Re8 52. Rf2+ Ke7 53. g7 Rf6
54. Rxf6 Kxf6 55. Rf1+ Ke7 56. Rf7+ Kd8 57. Kf5 Be7 58. Ng6 Rg8 59. Nxe7 Ke8
60. Nxg8 Kxf7 61. d5 Kxg8 62. Kf6 Kh7 63. Kf7 1-0

[Event "Wch Juvenil 2013 sub-16 femenino"]
[Site "Al-Ain UAE"]
[Date "2013.12.23"]
[Round "6.22"]
[White "Parnali, S Dharia"]
[Black "Schnegg, Anna-Lena"]
[Result "1-0"]
[WhiteElo "1895"]
[BlackElo "2075"]
[PlyCount "53"]
[EventDate "2013.12.19"]
[EventType "swiss"]
[EventRounds "11"]
[EventCountry "UAE"]
[Source "lmi"]
[SourceDate "2013.12.19"]

1. d4 Nf6 2. c4 g6 3. Nc3 d5 4. cxd5 Nxd5 5. Bd2 Bg7 6. e4 Nb6 7. Be3 O-O 8.
Be2 e5 9. Nf3 exd4 10. Bxd4 Nc6 11. Bxg7 Kxg7 12. O-O Bg4 13. Nd5 Nxd5 14. exd5
Bxf3 15. Bxf3 Ne5 16. Rc1 Qd6 17. Qb3 Rab8 18. Qc3 Rbc8 19. Bg4 f5 20. f4 fxg4
21. fxe5 Qxd5 22. e6+ Kg8 23. e7 Rxf1+ 24. Rxf1 Qe6 25. Qc5 h6 26. Rf8+ Kh7 27.
Qc3 1-0

[Event "Wch Juvenil 2013 sub-16 femenino"]
[Site "Al-Ain UAE"]
[Date "2013.12.23"]
[Round "6.23"]
[White "Egorova, Ayyyna"]
[Black "Grgic, Neomi"]
[Result "1/2-1/2"]
[WhiteElo "2006"]
[BlackElo "1882"]
[PlyCount "45"]
[EventDate "2013.12.19"]
[EventType "swiss"]
[EventRounds "11"]
[EventCountry "UAE"]
[Source "lmi"]
[SourceDate "2013.12.19"]

1. e4 e5 2. Nf3 Nc6 3. d4 exd4 4. Nxd4 Nf6 5. Nxc6 bxc6 6. e5 Qe7 7. Qe2 Nd5 8.
c4 Nb6 9. Nc3 g6 10. Qe4 Bg7 11. Bf4 a5 12. h4 Ba6 13. h5 Qb4 14. O-O-O Nxc4
15. Bxc4 Qxc4 16. Qxc4 Bxc4 17. Rd4 Be6 18. Rhd1 Rd8 19. Bg5 Bxe5 20. Bxd8 d5
21. Nxd5 cxd5 22. Bg5 Bxd4 23. Rxd4 1/2-1/2

[Event "Wch Juvenil 2013 sub-16 femenino"]
[Site "Al-Ain UAE"]
[Date "2013.12.23"]
[Round "6.25"]
[White "Mendoza, Shania Mae"]
[Black "Shakhmurzova, Fatima"]
[Result "1/2-1/2"]
[WhiteElo "1867"]
[BlackElo "1983"]
[PlyCount "77"]
[EventDate "2013.12.19"]
[EventType "swiss"]
[EventRounds "11"]
[EventCountry "UAE"]
[Source "lmi"]
[SourceDate "2013.12.19"]

1. e4 c5 2. Nf3 d6 3. d4 cxd4 4. Nxd4 Nf6 5. Nc3 a6 6. Be2 e6 7. Be3 Nbd7 8. f3
b5 9. Qd2 Bb7 10. O-O Be7 11. Rad1 O-O 12. Nb3 Qc7 13. Kh1 Rac8 14. a3 Rfd8 15.
Qe1 Nc5 16. Qf2 Nfd7 17. Nd4 Nb6 18. Rd2 d5 19. exd5 Nxd5 20. Nxd5 Bxd5 21.
Rfd1 Na4 22. c3 Bf6 23. Bd3 g6 24. f4 Nc5 25. Bc2 Be4 26. Qf1 Bxc2 27. Rxc2 Nb7
28. Qf3 Na5 29. Bf2 Rd7 30. Rcd2 Rcd8 31. g3 Nc4 32. Re2 Bg7 33. Ree1 Rc8 34.
Nb3 Rd6 35. Bd4 Rdd8 36. Bxg7 Kxg7 37. Qf2 Nd6 38. Nd4 Nf5 39. Nxf5+ 1/2-1/2

[Event "Wch Juvenil 2013 sub-16 femenino"]
[Site "Al-Ain UAE"]
[Date "2013.12.23"]
[Round "6.26"]
[White "Fuskova, Martina"]
[Black "Alijanzadeh, Mohadeseh"]
[Result "0-1"]
[WhiteElo "1969"]
[BlackElo "1846"]
[PlyCount "55"]
[EventDate "2013.12.19"]
[EventType "swiss"]
[EventRounds "11"]
[EventCountry "UAE"]
[Source "lmi"]
[SourceDate "2013.12.19"]

1. e4 c5 2. Nf3 d6 3. d4 cxd4 4. Nxd4 Nf6 5. Nc3 g6 6. Be3 Bg7 7. f3 Nc6 8. Bc4
O-O 9. Qd2 Nd7 10. Nxc6 bxc6 11. O-O-O Qa5 12. Bd4 Ne5 13. Bb3 Be6 14. Kb1 Qc7
15. h4 Bxb3 16. cxb3 a5 17. h5 c5 18. Bxe5 Bxe5 19. hxg6 fxg6 20. Qd5+ Kg7 21.
Rh3 Rh8 22. Qd2 e6 23. Ne2 h5 24. Qg5 Qd8 25. Qd2 d5 26. f4 Bf6 27. e5 Be7 28.
Qd3 0-1

[Event "Wch Juvenil 2013 sub-16 femenino"]
[Site "Al-Ain UAE"]
[Date "2013.12.23"]
[Round "6.27"]
[White "Franca, Veronika"]
[Black "Head, Louise"]
[Result "1/2-1/2"]
[WhiteElo "1965"]
[BlackElo "1786"]
[PlyCount "73"]
[EventDate "2013.12.19"]
[EventType "swiss"]
[EventRounds "11"]
[EventCountry "UAE"]
[Source "lmi"]
[SourceDate "2013.12.19"]

1. d4 d5 2. c4 dxc4 3. e3 e5 4. Bxc4 exd4 5. exd4 Bd6 6. Nf3 Nf6 7. O-O O-O 8.
Bg5 h6 9. Bh4 Bg4 10. Qb3 Nc6 11. Nbd2 Na5 12. Qd3 Nxc4 13. Nxc4 Be7 14. Rfe1
Bxf3 15. Qxf3 Qxd4 16. Rxe7 Qxh4 17. Rxc7 Ne8 18. Rc5 Qd4 19. Qe3 Rd8 20. Re1
Qxe3 21. Nxe3 Rd2 22. Rc2 Rxc2 23. Nxc2 Nf6 24. f3 Re8 25. Rxe8+ Nxe8 26. Kf2
Nd6 27. Ke2 Kf8 28. Kd3 Ke7 29. Kd4 Ke6 30. Ne3 b6 31. g3 Nb5+ 32. Kc4 Nd6+ 33.
Kb4 Ke5 34. Nc4+ Nxc4 35. Kxc4 a6 36. a4 g5 37. h3 1/2-1/2

[Event "Wch Juvenil 2013 sub-16 femenino"]
[Site "Al-Ain UAE"]
[Date "2013.12.23"]
[Round "6.29"]
[White "Hiebler, Laura"]
[Black "Xiang, Ellen"]
[Result "0-1"]
[WhiteElo "1840"]
[BlackElo "1954"]
[PlyCount "120"]
[EventDate "2013.12.19"]
[EventType "swiss"]
[EventRounds "11"]
[EventCountry "UAE"]
[Source "lmi"]
[SourceDate "2013.12.19"]

1. c4 e5 2. g3 Nc6 3. Bg2 Bc5 4. Nc3 a6 5. Nf3 Nge7 6. O-O d6 7. e3 Ba7 8. d4
exd4 9. exd4 O-O 10. b3 Bg4 11. Ne2 Nf5 12. d5 Ncd4 13. Nexd4 Bxd4 14. Rb1 Qf6
15. Qd3 Ba7 16. Bb2 Qg6 17. Qd2 h5 18. Nd4 h4 19. h3 Nxd4 20. Bxd4 Bf5 21. Rbd1
hxg3 22. fxg3 Bc2 23. Rc1 Bxd4+ 24. Qxd4 Rae8 25. Qf2 Bd3 26. Rfe1 Re5 27. Rxe5
dxe5 28. Kh2 f5 29. Re1 e4 30. Bf1 Bxf1 31. Qxf1 Qf6 32. Re2 Qe5 33. Qe1 Rf7
34. Kg2 Rf6 35. Kh2 Kf7 36. Qf2 b6 37. a3 Ke7 38. b4 Qc3 39. Rc2 Qe5 40. Qe3
Kd7 41. c5 f4 42. gxf4 Rxf4 43. Qg3 e3 44. Re2 Re4 45. cxb6 cxb6 46. Qxe5 Rxe5
47. Kg3 Kd6 48. Kf4 Kxd5 49. Rxe3 Rxe3 50. Kxe3 Kc4 51. Kf4 Kb3 52. Kg5 Kxa3
53. Kg6 Kxb4 54. Kxg7 a5 55. h4 a4 56. h5 a3 57. h6 a2 58. h7 a1=Q+ 59. Kg8 Ka3
60. h8=Q Qxh8+ 0-1

[Event "Wch Juvenil 2013 sub-16 femenino"]
[Site "Al-Ain UAE"]
[Date "2013.12.23"]
[Round "6.34"]
[White "Breedt, Shade"]
[Black "Aay, Aisyah Anisa"]
[Result "0-1"]
[WhiteElo "1638"]
[BlackElo "1900"]
[PlyCount "72"]
[EventDate "2013.12.19"]
[EventType "swiss"]
[EventRounds "11"]
[EventCountry "UAE"]
[Source "lmi"]
[SourceDate "2013.12.19"]

1. e4 c5 2. Nc3 e6 3. f4 a6 4. Nf3 d5 5. g3 Nc6 6. d3 Nge7 7. Bg2 g6 8. O-O Bg7
9. h3 O-O 10. g4 f5 11. e5 fxg4 12. hxg4 b5 13. Qe1 b4 14. Ne2 h6 15. Qh4 Rf7
16. Ng3 Qf8 17. g5 Nd4 18. Nxd4 cxd4 19. a3 bxa3 20. Rxa3 Bd7 21. c4 dxc3 22.
Rxc3 Bb5 23. Kh2 Nf5 24. Nxf5 hxg5 25. Qxg5 gxf5 26. Rh1 d4 27. Bxa8 dxc3 28.
Bf3 Qe7 29. Qxe7 Rxe7 30. d4 Rc7 31. bxc3 Rxc3 32. Kg3 Rxf3+ 33. Kxf3 Bc6+ 34.
Ke3 Bxh1 35. Kd3 Bf8 36. Bb2 Be4+ 0-1

[Event "Wch Juvenil 2013 sub-16 femenino"]
[Site "Al-Ain UAE"]
[Date "2013.12.23"]
[Round "6.35"]
[White "Sunyasakta, Satpathy"]
[Black "Shao, Stephanie"]
[Result "1-0"]
[WhiteElo "1899"]
[BlackElo "1673"]
[PlyCount "91"]
[EventDate "2013.12.19"]
[EventType "swiss"]
[EventRounds "11"]
[EventCountry "UAE"]
[Source "lmi"]
[SourceDate "2013.12.19"]

1. e4 e6 2. d4 d5 3. e5 Bd7 4. Nf3 a6 5. Be2 Bb5 6. O-O Bxe2 7. Qxe2 c5 8. c3
Nc6 9. Rd1 Qb6 10. a3 c4 11. Nbd2 Nge7 12. Rb1 Nf5 13. b4 cxb3 14. Nxb3 Na5 15.
Qc2 Nxb3 16. Qxb3 Qxb3 17. Rxb3 O-O-O 18. Bg5 Rd7 19. Rdb1 Be7 20. Bxe7 Nxe7
21. Ne1 Nc6 22. Nd3 Na5 23. Rb4 Rc7 24. Nc5 Re8 25. f4 Ree7 26. Kf2 Nc4 27. a4
Rxc5 28. dxc5 a5 29. Rb6 Nxb6 30. cxb6 Kd7 31. Ke3 Kc6 32. Rb5 Re8 33. Kd4 Ra8
34. g4 h6 35. f5 Rf8 36. Rb2 Rd8 37. h4 Rd7 38. Rb5 Rd8 39. h5 Rf8 40. Rxa5
Kxb6 41. Rc5 Ra8 42. a5+ Rxa5 43. Rxa5 Kxa5 44. f6 gxf6 45. exf6 b5 46. g5 1-0

[Event "Wch Juvenil 2013 sub-16 femenino"]
[Site "Al-Ain UAE"]
[Date "2013.12.23"]
[Round "6.37"]
[White "Fortunata, Fransisca"]
[Black "Giblon, Rebecca"]
[Result "0-1"]
[WhiteElo "2117"]
[BlackElo "1715"]
[PlyCount "94"]
[EventDate "2013.12.19"]
[EventType "swiss"]
[EventRounds "11"]
[EventCountry "UAE"]
[Source "lmi"]
[SourceDate "2013.12.19"]

1. e4 e5 2. Nf3 Nc6 3. Bc4 Bc5 4. Nc3 d6 5. h3 Be6 6. Bb3 Nf6 7. d3 Qd7 8. Nd5
O-O-O 9. Bg5 Bxd5 10. exd5 Ne7 11. c4 Nf5 12. Ba4 Qe7 13. a3 h6 14. Bxf6 Qxf6
15. b4 Bb6 16. Rc1 g5 17. Qd2 Qe7 18. O-O Nd4 19. Bd1 Rdg8 20. Qc3 c5 21. dxc6
Nxc6 22. c5 dxc5 23. bxc5 Ba5 24. Qc4 h5 25. Nh2 f5 26. Rb1 g4 27. h4 Qxh4 28.
Qe6+ Kc7 29. Qd6+ Kc8 30. Qe6+ Kc7 31. Qxf5 Qe7 32. Qe4 Qxc5 33. g3 h4 34. Nxg4
hxg3 35. Kg2 gxf2 36. Rxf2 Rg7 37. Bf3 Bb6 38. Ra2 Qd4 39. Qe2 Qf4 40. Rh1 Rxh1
41. Kxh1 Qg3 42. Qf1 Nd4 43. Bd1 Nf5 44. Rc2+ Kb8 45. Rg2 Qh4+ 46. Rh2 Ng3+ 47.
Kg2 Qxh2+ 0-1

[Event "Wch Juvenil 2013 sub-16 femenino"]
[Site "Al-Ain UAE"]
[Date "2013.12.23"]
[Round "6.38"]
[White "Ilhom, Mootribai"]
[Black "Menzi, Nezihe Ezgi"]
[Result "0-1"]
[WhiteElo "1702"]
[BlackElo "1925"]
[PlyCount "54"]
[EventDate "2013.12.19"]
[EventType "swiss"]
[EventRounds "11"]
[EventCountry "UAE"]
[Source "lmi"]
[SourceDate "2013.12.19"]

1. e4 c5 2. Nf3 d6 3. d4 cxd4 4. Nxd4 Nf6 5. Nc3 g6 6. Be3 Bg7 7. Bc4 Nc6 8.
Bb3 Ng4 9. Nxc6 bxc6 10. Qf3 O-O 11. Bf4 Ne5 12. Qg3 Rb8 13. O-O c5 14. Bxe5
Bxe5 15. f4 Bg7 16. e5 Ba6 17. Rfb1 c4 18. Ba4 dxe5 19. fxe5 Qd4+ 20. Qf2 Bxe5
21. Qxd4 Bxd4+ 22. Kf1 Rfd8 23. Bc6 Rd6 24. Bf3 Bf6 25. Ke2 Re6+ 26. Kf1 Reb6
27. Nd5 c3+ 0-1

[Event "Wch Juvenil 2013 sub-16 femenino"]
[Site "Al-Ain UAE"]
[Date "2013.12.23"]
[Round "6.39"]
[White "Chetina, Elizaveta"]
[Black "Kahanda, I D S."]
[Result "1-0"]
[WhiteElo "1904"]
[BlackElo "1647"]
[PlyCount "49"]
[EventDate "2013.12.19"]
[EventType "swiss"]
[EventRounds "11"]
[EventCountry "UAE"]
[Source "lmi"]
[SourceDate "2013.12.19"]

1. e4 e6 2. d4 d5 3. Nd2 c5 4. exd5 Qxd5 5. Ndf3 cxd4 6. Qxd4 Qxd4 7. Nxd4 a6
8. Ngf3 Bc5 9. Nb3 Bb6 10. Bf4 Nf6 11. Bd3 Nc6 12. Bd6 Ng4 13. O-O Bd7 14. h3
Nf6 15. Rad1 O-O-O 16. c4 Bc7 17. Bb1 Bxd6 18. Rxd6 Ne8 19. Rd2 f6 20. Rfd1 e5
21. Nc5 Bxh3 22. gxh3 Rxd2 23. Bf5+ Kb8 24. Rxd2 g6 25. Be4 1-0

[Event "Wch Juvenil 2013 sub-16 femenino"]
[Site "Al-Ain UAE"]
[Date "2013.12.23"]
[Round "6.40"]
[White "Baghirova, Khatin"]
[Black "Wen, Jessica"]
[Result "1-0"]
[WhiteElo "1838"]
[BlackElo "1646"]
[PlyCount "113"]
[EventDate "2013.12.19"]
[EventType "swiss"]
[EventRounds "11"]
[EventCountry "UAE"]
[Source "lmi"]
[SourceDate "2013.12.19"]

1. e4 e5 2. Nf3 Nc6 3. Bb5 Nf6 4. O-O Bc5 5. c3 O-O 6. d4 Bb6 7. dxe5 Nxe4 8.
Qd5 Nc5 9. b4 Ne7 10. Qd1 Ne6 11. Bd3 c6 12. Na3 Bc7 13. Nc4 Nd5 14. Qc2 Kh8
15. Rd1 d6 16. exd6 Bxd6 17. Nxd6 Qxd6 18. Be4 Bd7 19. Bb2 b5 20. Ne5 Qc7 21.
Nxc6 Nf6 22. Nd4 Nxd4 23. cxd4 Qxc2 24. Bxc2 Bc6 25. Rac1 a6 26. Re1 Nd5 27. a3
Rad8 28. f3 Nf4 29. Re7 Bd5 30. g3 Ne6 31. Kf2 g6 32. Be4 Kg8 33. Ke3 Ng7 34.
Re5 Bxe4 35. fxe4 Ne8 36. Rec5 Nd6 37. Kd3 Rfe8 38. Re1 Nc4 39. Re2 Ne5+ 40.
Kc2 Nc4 41. d5 Nb6 42. Kd3 Nc4 43. a4 Nd6 44. axb5 axb5 45. Bf6 Ra8 46. e5 Nf5
47. g4 Ra3+ 48. Rc3 Rxc3+ 49. Kxc3 Ne7 50. Kd4 Nc8 51. Kc5 Ne7 52. Bxe7 Rxe7
53. d6 Ra7 54. Rd2 Kf8 55. d7 Ra8 56. d8=Q+ Rxd8 57. Rxd8+ 1-0

[Event "Wch Juvenil 2013 sub-16 femenino"]
[Site "Al-Ain UAE"]
[Date "2013.12.23"]
[Round "6.41"]
[White "Smaraki, Mohanty"]
[Black "Liscinska, Jana"]
[Result "1-0"]
[WhiteElo "1837"]
[BlackElo "1643"]
[PlyCount "73"]
[EventDate "2013.12.19"]
[EventType "swiss"]
[EventRounds "11"]
[EventCountry "UAE"]
[Source "lmi"]
[SourceDate "2013.12.19"]

1. c4 Nf6 2. Nc3 e5 3. g3 d5 4. cxd5 Nxd5 5. Bg2 Be6 6. d3 Nc6 7. Nf3 Be7 8.
O-O O-O 9. Bd2 f5 10. Nxd5 Bxd5 11. Bc3 Bf6 12. Re1 e4 13. dxe4 Bxe4 14. Qb3+
Kh8 15. Rad1 Qe7 16. Nd2 Bxg2 17. Kxg2 Bxc3 18. bxc3 b6 19. e4 Qf6 20. f4 fxe4
21. Nxe4 Qf5 22. Ng5 Na5 23. Qa4 h6 24. Re5 Qg6 25. Ne6 Rf7 26. h4 c5 27. h5
Qf6 28. Qe4 Re8 29. Ng5 hxg5 30. Rxe8+ Rf8 31. Rxf8+ Qxf8 32. fxg5 Qg8 33. h6
Qxa2+ 34. Kh3 Qg8 35. hxg7+ Kxg7 36. Rd7+ Kh8 37. Qe5+ 1-0

[Event "Wch Juvenil 2013 sub-16 femenino"]
[Site "Al-Ain UAE"]
[Date "2013.12.23"]
[Round "6.42"]
[White "Suchomelova, Simona"]
[Black "Ahmadova, Fatima"]
[Result "0-1"]
[WhiteElo "1827"]
[BlackElo "1634"]
[PlyCount "140"]
[EventDate "2013.12.19"]
[EventType "swiss"]
[EventRounds "11"]
[EventCountry "UAE"]
[Source "lmi"]
[SourceDate "2013.12.19"]

1. e4 c5 2. Nf3 e6 3. d4 cxd4 4. Nxd4 Nf6 5. Nc3 Nc6 6. Ndb5 Bb4 7. a3 Bxc3+ 8.
Nxc3 d5 9. exd5 exd5 10. Bd3 O-O 11. O-O h6 12. Bf4 Bg4 13. Qd2 Qd7 14. Bxh6
gxh6 15. Qxh6 Qe6 16. Qg5+ Kh8 17. Qh6+ Kg8 18. Nxd5 Qxd5 19. Qxf6 Rad8 20. h3
Rd6 21. Qf4 Bh5 22. Rfe1 Re6 23. Bc4 Qd4 24. Qxd4 Rxe1+ 25. Rxe1 Nxd4 26. c3
Nc6 27. f4 Bg6 28. g4 Bc2 29. Re2 Bb1 30. Rd2 Na5 31. Bb5 a6 32. Bf1 Re8 33.
Rd5 Nc6 34. Rd7 b5 35. Bg2 Be4 36. Bf1 Bb1 37. a4 bxa4 38. Bxa6 Nb8 39. Rd6
Nxa6 40. Rxa6 Bc2 41. Rb6 Re3 42. Kg2 Bb3 43. Ra6 Re2+ 44. Kf3 Rxb2 45. c4 Rc2
46. Ke4 Rxc4+ 47. Kf5 Kg7 48. g5 Bc2+ 49. Kg4 Rc3 50. h4 a3 51. h5 Bd1+ 52. Kh4
Rf3 53. h6+ Kg8 54. Kg4 a2 55. Kf5 Bc2+ 56. Kg4 Bd1 57. Kf5 Bb3 58. g6 fxg6+
59. Kxg6 Bf7+ 60. Kg5 Rf1 61. Ra8+ Kh7 62. Ra7 a1=Q 63. Rxf7+ Kg8 64. Re7 Qa5+
65. Re5 Qd8+ 66. Kf5 Qf8+ 67. Kg6 Rxf4 68. h7+ Kh8 69. Rg5 Qf7+ 70. Kh6 Qxh7#
0-1